Teorija riadov : Izbrannyje glavy vyššej matematiki dľa inženerov i studentov vtuzov /
Salvato in:
| Autore principale: | |
|---|---|
| Natura: | Libro |
| Lingua: | russo |
| Pubblicazione: |
Moskva :
Nauka,
1986
|
| Edizione: | 5.izd. |
| Tags: |
Nessun Tag, puoi essere il primo ad aggiungerne!!
|
MARC
| LEADER | 00000nam a22000003a 4500 | ||
|---|---|---|---|
| 001 | stu8653 | ||
| 005 | 20150617225806.5 | ||
| 008 | 960312s1986----xxr-----------------rus-d | ||
| 040 | |a STU |b slo | ||
| 041 | 0 | |a rus | |
| 044 | |a xxr | ||
| 080 | |a 517.2 | ||
| 100 | 1 | |a Vorobjev, N.N |4 aut | |
| 245 | 1 | |a Teorija riadov : |b Izbrannyje glavy vyššej matematiki dľa inženerov i studentov vtuzov / |c [aut.] Vorobjev,N.N | |
| 250 | |a 5.izd. | ||
| 260 | |a Moskva : |b Nauka, |c 1986 | ||
| 300 | |a 407 s | ||
| 996 | |b E62706 |c E*62706 |l EE03 |s P |a 0 |w stu8653_0002 | ||